<?xml version="1.0" encoding="UTF-8"?>
<record
    xmlns:xsi="http://www.w3.org/2001/XMLSchema-instance"
    xsi:schemaLocation="http://www.loc.gov/MARC21/slim http://www.loc.gov/standards/marcxml/schema/MARC21slim.xsd"
    xmlns="http://www.loc.gov/MARC21/slim">

  <leader>01094nam a22002417a 4500</leader>
  <datafield tag="999" ind1=" " ind2=" ">
    <subfield code="c">6931</subfield>
    <subfield code="d">6931</subfield>
  </datafield>
  <controlfield tag="003">OSt</controlfield>
  <controlfield tag="005">20240702123338.0</controlfield>
  <controlfield tag="008">160428s2012    sp ||||| |||| 00| 0 cat d</controlfield>
  <datafield tag="040" ind1=" " ind2=" ">
    <subfield code="b">cat</subfield>
    <subfield code="c">CDMR</subfield>
  </datafield>
  <datafield tag="110" ind1="2" ind2=" ">
    <subfield code="9">133</subfield>
    <subfield code="a">Col&#xB7;legi de Periodistes de Catalunya</subfield>
  </datafield>
  <datafield tag="245" ind1="1" ind2="0">
    <subfield code="a">Mem&#xF2;ria d'actuaci&#xF3;</subfield>
    <subfield code="c">/ Col&#xB7;legi de Periodistes de Catalunya</subfield>
  </datafield>
  <datafield tag="260" ind1=" " ind2=" ">
    <subfield code="a">Barcelona :</subfield>
    <subfield code="b">Col&#xB7;legi de Periodistes de Catalunya</subfield>
    <subfield code="c">2010-</subfield>
  </datafield>
  <datafield tag="300" ind1=" " ind2=" ">
    <subfield code="a">v.</subfield>
    <subfield code="c">29 cm</subfield>
  </datafield>
  <datafield tag="310" ind1=" " ind2=" ">
    <subfield code="a">Anual</subfield>
  </datafield>
  <datafield tag="362" ind1=" " ind2=" ">
    <subfield code="a">2010-</subfield>
  </datafield>
  <datafield tag="500" ind1=" " ind2=" ">
    <subfield code="a">Descripci&#xF3; del recurs: el 27 d'abril de 2016</subfield>
  </datafield>
  <datafield tag="500" ind1=" " ind2=" ">
    <subfield code="a">Descripci&#xF3; feta a partir de: any 2012</subfield>
  </datafield>
  <datafield tag="610" ind1="2" ind2="4">
    <subfield code="9">133</subfield>
    <subfield code="a">Col&#xB7;legi de Periodistes de Catalunya</subfield>
  </datafield>
  <datafield tag="650" ind1="0" ind2="4">
    <subfield code="9">3172</subfield>
    <subfield code="a">Periodisme</subfield>
    <subfield code="z">Catalunya</subfield>
  </datafield>
  <datafield tag="650" ind1="0" ind2="0">
    <subfield code="9">216</subfield>
    <subfield code="a">Associacions de professionals i t&#xE8;cnics</subfield>
    <subfield code="z">Catalunya</subfield>
  </datafield>
  <datafield tag="856" ind1="4" ind2="0">
    <subfield code="u">https://omeka.periodistes.cat/items/browse?search=&amp;advanced%5B0%5D%5Belement_id%5D=&amp;advanced%5B0%5D%5Btype%5D=&amp;advanced%5B0%5D%5Bterms%5D=&amp;range=&amp;collection=&amp;type=&amp;user=&amp;tags=memoria+anual&amp;public=&amp;featured=&amp;exhibit=&amp;submit_search=Cerca+%C3%ADtems&amp;sort_field=Dublin+Core%2CCreator</subfield>
    <subfield code="y">Disponible en l&#xED;nia</subfield>
  </datafield>
  <datafield tag="942" ind1=" " ind2=" ">
    <subfield code="c">SER</subfield>
    <subfield code="2">udc</subfield>
  </datafield>
  <datafield tag="952" ind1=" " ind2=" ">
    <subfield code="0">0</subfield>
    <subfield code="1">0</subfield>
    <subfield code="4">0</subfield>
    <subfield code="7">0</subfield>
    <subfield code="a">CDMR</subfield>
    <subfield code="b">CDMR</subfield>
    <subfield code="d">2016-04-28</subfield>
    <subfield code="e">Donaci&#xF3;</subfield>
    <subfield code="h">2015</subfield>
    <subfield code="l">0</subfield>
    <subfield code="o">Du 18/55</subfield>
    <subfield code="p">CDMR16040008</subfield>
    <subfield code="r">2016-04-28</subfield>
    <subfield code="w">2016-04-28</subfield>
    <subfield code="y">SER</subfield>
  </datafield>
  <datafield tag="952" ind1=" " ind2=" ">
    <subfield code="0">0</subfield>
    <subfield code="1">0</subfield>
    <subfield code="4">0</subfield>
    <subfield code="7">0</subfield>
    <subfield code="a">CDMR</subfield>
    <subfield code="b">CDMR</subfield>
    <subfield code="d">2016-04-28</subfield>
    <subfield code="e">Donaci&#xF3;</subfield>
    <subfield code="h">2014</subfield>
    <subfield code="l">0</subfield>
    <subfield code="o">Du 18/54</subfield>
    <subfield code="p">CDMR16040009</subfield>
    <subfield code="r">2016-04-28</subfield>
    <subfield code="w">2016-04-28</subfield>
    <subfield code="y">SER</subfield>
  </datafield>
  <datafield tag="952" ind1=" " ind2=" ">
    <subfield code="0">0</subfield>
    <subfield code="1">0</subfield>
    <subfield code="4">0</subfield>
    <subfield code="7">0</subfield>
    <subfield code="a">CDMR</subfield>
    <subfield code="b">CDMR</subfield>
    <subfield code="d">2016-04-28</subfield>
    <subfield code="e">Donaci&#xF3;</subfield>
    <subfield code="h">2013</subfield>
    <subfield code="l">0</subfield>
    <subfield code="o">Du 18/53</subfield>
    <subfield code="p">CDMR16040010</subfield>
    <subfield code="r">2016-04-28</subfield>
    <subfield code="w">2016-04-28</subfield>
    <subfield code="y">SER</subfield>
  </datafield>
  <datafield tag="952" ind1=" " ind2=" ">
    <subfield code="0">0</subfield>
    <subfield code="1">0</subfield>
    <subfield code="4">0</subfield>
    <subfield code="7">0</subfield>
    <subfield code="a">CDMR</subfield>
    <subfield code="b">CDMR</subfield>
    <subfield code="d">2016-04-28</subfield>
    <subfield code="e">Donaci&#xF3;</subfield>
    <subfield code="h">2012</subfield>
    <subfield code="l">0</subfield>
    <subfield code="o">Du 18/52</subfield>
    <subfield code="p">CDMR16040011</subfield>
    <subfield code="r">2016-04-28</subfield>
    <subfield code="w">2016-04-28</subfield>
    <subfield code="y">SER</subfield>
  </datafield>
  <datafield tag="952" ind1=" " ind2=" ">
    <subfield code="0">0</subfield>
    <subfield code="1">0</subfield>
    <subfield code="4">0</subfield>
    <subfield code="7">0</subfield>
    <subfield code="a">CDMR</subfield>
    <subfield code="b">CDMR</subfield>
    <subfield code="d">2017-07-27</subfield>
    <subfield code="e">Donaci&#xF3;</subfield>
    <subfield code="h">2016</subfield>
    <subfield code="l">0</subfield>
    <subfield code="o">Du 18/56</subfield>
    <subfield code="p">CDMR17070015</subfield>
    <subfield code="r">2017-07-27</subfield>
    <subfield code="w">2017-07-27</subfield>
    <subfield code="y">SER</subfield>
  </datafield>
  <datafield tag="952" ind1=" " ind2=" ">
    <subfield code="0">0</subfield>
    <subfield code="1">0</subfield>
    <subfield code="4">0</subfield>
    <subfield code="7">0</subfield>
    <subfield code="a">CDMR</subfield>
    <subfield code="b">CDMR</subfield>
    <subfield code="d">2018-03-27</subfield>
    <subfield code="e">Donaci&#xF3;</subfield>
    <subfield code="h">2017</subfield>
    <subfield code="l">0</subfield>
    <subfield code="o">Du 18/57</subfield>
    <subfield code="p">CDMR18030001</subfield>
    <subfield code="r">2018-03-27</subfield>
    <subfield code="w">2018-03-27</subfield>
    <subfield code="y">SER</subfield>
  </datafield>
  <datafield tag="952" ind1=" " ind2=" ">
    <subfield code="0">0</subfield>
    <subfield code="1">4</subfield>
    <subfield code="4">0</subfield>
    <subfield code="7">0</subfield>
    <subfield code="a">CDMR</subfield>
    <subfield code="b">CDMR</subfield>
    <subfield code="d">2019-03-21</subfield>
    <subfield code="e">Donaci&#xF3;</subfield>
    <subfield code="h">2018</subfield>
    <subfield code="l">0</subfield>
    <subfield code="o">Du 18/58</subfield>
    <subfield code="p">CDMR19030006</subfield>
    <subfield code="r">2019-03-21</subfield>
    <subfield code="w">2019-03-21</subfield>
    <subfield code="y">SER</subfield>
  </datafield>
  <datafield tag="952" ind1=" " ind2=" ">
    <subfield code="0">0</subfield>
    <subfield code="1">0</subfield>
    <subfield code="4">0</subfield>
    <subfield code="7">0</subfield>
    <subfield code="a">CDMR</subfield>
    <subfield code="b">CDMR</subfield>
    <subfield code="d">2024-06-27</subfield>
    <subfield code="e">Donaci&#xF3;</subfield>
    <subfield code="h">2011</subfield>
    <subfield code="l">0</subfield>
    <subfield code="o">Du 18/51</subfield>
    <subfield code="p">CDMR24060013</subfield>
    <subfield code="r">2024-06-27</subfield>
    <subfield code="w">2024-06-27</subfield>
    <subfield code="y">SER</subfield>
  </datafield>
  <datafield tag="952" ind1=" " ind2=" ">
    <subfield code="0">0</subfield>
    <subfield code="1">0</subfield>
    <subfield code="4">0</subfield>
    <subfield code="7">0</subfield>
    <subfield code="a">CDMR</subfield>
    <subfield code="b">CDMR</subfield>
    <subfield code="d">2024-06-27</subfield>
    <subfield code="e">Donaci&#xF3;</subfield>
    <subfield code="h">2023</subfield>
    <subfield code="l">0</subfield>
    <subfield code="o">Du 18/59</subfield>
    <subfield code="p">CDMR24060014</subfield>
    <subfield code="r">2024-06-27</subfield>
    <subfield code="w">2024-06-27</subfield>
    <subfield code="y">SER</subfield>
  </datafield>
</record>
